Statistics for Country + Capital = 20

Click here to take the quiz!

General Stats

  • This quiz has been taken 5 times
  • The average score is 12 of 14

Answer Stats

HintAnswer% Correct
Amsterdam
100%
Luxembourg
100%
10;10Luxembourg
100%
11;9Mauritania
100%
12;8Netherlands
100%
14;6New Zealand
100%
Wellington
100%
9;11Argentina
80%
Buenos Aires
80%
North Macedonia
80%
Nouakchott
80%
Skopje
80%
Turkmenistan
80%
Ashgabat
60%

Score Distribution

Percentile by Number Answered

Percent of People with Each Score

Your Score History

You have not taken this quiz